Anagramme 2 - Statistiques

Statistiques générales
  • Ce quiz a été pris 56 fois
  • Le résultat moyen est 8 sur 16
Statistiques - réponses
Hint Réponse % Correct
elî île
96%
torpe porte
90%
oifre foire
88%
momep pomme
86%
avhec vache
82%
onterc contre
54%
upietl tulipe
48%
téarpoor aéroport
44%
colloa alcool
40%
verernih hiverner
40%
iplael paille
32%
megiré régime
32%
eltleuum mutuelle
30%
vbreenom novembre
20%
oneorbmt trombone
18%
roooptcel protocole
16%
Aucun quiz correspondant
Distribution des résultats
% des personnes avec chaque résultat
Percentile par nombre de réponses
Votre historique - résultats
Vous n’avez pas pris ce quiz